000 00687nam a2200181 i 4500
001 152837
003 ES-MaACL
005 20250903084339.0
008 030324q19101919fr |||| | fre d
245 0 0 _aCatalogue 76 de livres d' occasion
_b: Afrique, Empire Ottoman, Asie: en vente aux prix marqués à la Libriairie Universitaire J. Gambier.
260 _aParis :
_bLibrairie Universitaire J. Gamber,
_c[191-?]
300 _a140 p. ;
_c21 cm.
650 4 _aCatálogos de editores-
_zFrancia
_912068
650 7 _aCatálogos de editores-
_yS.XX
_2
_9169795
710 2 _aLibrairie Universitaire J. Gamber.
_9159381
852 _aES-MaACL
_j1513-F-8
999 _c152837
_d152837